000 00222nam a2200097Ia 4500
008 240331s9999 xx 000 0 und d
082 _bTHI
100 _aThiruvengadam
245 0 _aChile puradchiyin paddippinaika
942 _cL
999 _c2515
_d2515